000 00813nam a22002657a 4500
001 BR2017002046
003 BR-BrBNA
005 20230928105125.0
007 ta
008 230509b bl.||||| |||| 00| 0 por d
040 _aBR-BrBNA
_bpor
_cBiblioteca Nacional de Agricultura
041 _a(Por)
072 _aU40
090 _ U40 BR2017002046
100 1 _aMarques, A.F.F.
110 1 _aUniversidade Federal de Lavras, MG (Brasil)
_0Tese (Mestrado)
245 1 _aSIRco - uma arquitetura para sensoriamento inteligente de rádios cognitivos
260 3 _aLavras, MG (Brasil):
_c2016.
300 _a150 p.
500 _aSummaries (Eng, Por); Bibliography 125-131; 43 illus.; 14 tables
650 _aMÉTODO
650 _aSENSORIAMENTO REMOTO
909 _a202309
_bLucia
_c55
_dLucia Elande
942 _cBK
999 _c83550
_d83550